Filosofia y metodologia de las ciencias sociales / (Record no. 166007)

MARC details
000 -LEADER
fixed length control field 00689nam a22002057a 4500
005 - DATE AND TIME OF LATEST TRANSACTION
control field 20230207092816.0
008 - FIXED-LENGTH DATA ELEMENTS--GENERAL INFORMATION
fixed length control field 230207b sp ||||| |||| 00| 0 spa d
020 ## - INTERNATIONAL STANDARD BOOK NUMBER
International Standard Book Number 8420635731
050 ## - LIBRARY OF CONGRESS CALL NUMBER
Classification number H61.15
Item number G66 2003
100 1# - MAIN ENTRY--PERSONAL NAME
Personal name Gómez Rodríguez, Amparo
245 ## - TITLE STATEMENT
Title Filosofia y metodologia de las ciencias sociales /
Statement of responsibility, etc Amparo Gómez Rodríguez
Medium
250 ## - EDITION STATEMENT
Edition statement 1a ed.
260 ## - PUBLICATION, DISTRIBUTION, ETC. (IMPRINT)
Place of publication, distribution, etc Madrid ;
Name of publisher, distributor, etc Alianza,
Date of publication, distribution, etc 2003
300 ## - PHYSICAL DESCRIPTION
Extent 343 p. ;
Dimensions 24 cm.
440 ## - SERIES STATEMENT/ADDED ENTRY--TITLE
Title Libro Universitario ;
Number of part/section of a work No. 085
500 ## - GENERAL NOTE
General note # 449 Donacion: Juan Alvarez Cienfuegos 25/ FEB./2020
650 ## - SUBJECT ADDED ENTRY--TOPICAL TERM
Topical term or geographic name as entry element Ciencias sociales
General subdivision Metodología
650 ## - SUBJECT ADDED ENTRY--TOPICAL TERM
Topical term or geographic name as entry element Ciencias sociales
General subdivision Filosofía
942 ## - ADDED ENTRY ELEMENTS (KOHA)
Source of classification or shelving scheme Biblioteca del Cogreso de los Estados Unidos
Koha item type Libro
Holdings
Estado de pérdida Fuente de clasificación Estado del daño No para préstamo Ubicación permanente Ubicación actual Apartado o colección Fecha de adquisición Edición Área del conocimiento Total Checkouts Clasificación Código de Barras Date last seen Número de copia Costo por reposición Tipo de recurso
  Biblioteca del Cogreso de los Estados Unidos     Biblioteca de la Facultad de Filosofía Biblioteca de la Facultad de Filosofía General 07/02/2023 1a ed. Educación y Humanidades   H61.15 G66 2003 BFF000038760 07/02/2023 C: 1 1.00 Libro